FIFA FIFPro World XI 2022 - Statistics

Statistiche generali
  • Questo quiz è stato fatto 67 volte
  • Il punteggio medio è 10 su 11
Statistiche sulle risposte
Ruolo Nazione Squadra Calciatore % Corretto
Attaccante Francia Paris Saint-Germain Kylian Mbappé
97%
Portiere Belgio Real Madrid Thibaut Courtois
97%
Attaccante Norvegia Borussia Dortmund / Manchester City Erling Haaland
95%
Centrocampista Croazia Real Madrid Luka Modrić
95%
Difensore Paesi Bassi Liverpool Virgil van Dijk
95%
Difensore Marocco Paris Saint-Germain Achraf Hakimi
93%
Centrocampista Belgio Manchester City Kevin De Bruyne
92%
Attaccante Francia Real Madrid Karim Benzema
90%
Attaccante Argentina Paris Saint-Germain Lionel Messi
90%
Centrocampista Brasile Real Madrid / Manchester United Casemiro
87%
Difensore Portogallo Manchester City João Cancelo
66%
Nessun quiz corrispondente trovato
Distribuzione punteggi
Percentuale di utenti per punteggio
Percentile per numero di risposta
I tuoi punteggi nel tempo
Non hai fatto questo quiz